Biotechnology Expanding Horizons (Record no. 90128)

MARC details
000 -LEADER
fixed length control field 00541nam a22001817a 4500
005 - DATE AND TIME OF LATEST TRANSACTION
control field 20260402153142.0
008 - FIXED-LENGTH DATA ELEMENTS--GENERAL INFORMATION
fixed length control field 260402b |||||||| |||| 00| 0 eng d
020 ## - INTERNATIONAL STANDARD BOOK NUMBER
International Standard Book Number 9789393168085
040 ## - CATALOGING SOURCE
Transcribing agency SGVU
Modifying agency SGVU
082 ## - DEWEY DECIMAL CLASSIFICATION NUMBER
Edition number 22
Classification number 631.523
Item number SIB B
100 ## - MAIN ENTRY--PERSONAL NAME
Personal name Singh B D
9 (RLIN) 39427
245 ## - TITLE STATEMENT
Title Biotechnology Expanding Horizons
Medium English
250 ## - EDITION STATEMENT
Edition statement 5
260 ## - PUBLICATION, DISTRIBUTION, ETC.
Place of publication, distribution, etc. New Delhi
Name of publisher, distributor, etc. Medtech Science Press
Date of publication, distribution, etc. 2024
300 ## - PHYSICAL DESCRIPTION
Extent 918p
Other physical details Paperback
650 ## - SUBJECT ADDED ENTRY--TOPICAL TERM
Topical term or geographic name entry element Biotechnology Expanding Horizons
Geographic subdivision India
9 (RLIN) 39975
942 ## - ADDED ENTRY ELEMENTS (KOHA)
Source of classification or shelving scheme Dewey Decimal Classification
Koha item type Books
Edition 5
Classification part 2
Call number prefix 631.523 SIB B
Holdings
Withdrawn status Lost status Source of classification or shelving scheme Damaged status Not for loan Home library Current library Date acquired Source of acquisition Cost, normal purchase price Total Checkouts Full call number Barcode Date last seen Cost, replacement price Price effective from Koha item type
    Dewey Decimal Classification     Suresh Gyan Vihar University Library Suresh Gyan Vihar University Library 02/04/2026 CBS Publisher & Distributors 895.00   631.523 SIB B G4741 02/04/2026 895.00 02/04/2026 Books


House of Wisdom: Central Library
Suresh Gyan Vihar University, Mahal, Jagatpura Jaipur,India.
Contact – Dr. Pramod Singh, Chief Librarian
Contact – 9413326520
E-mail: pramod.singh@mygyanvihar.com
             
Implemented & Customized by: BestBookBuddies

Powered by Koha